LEADER 00917nam0 2200265 450 001 000004874 005 20030730122516.0 010 $a88-348-4187-5 100 $a20030730d1995----km-y0itay50------ba 101 0 $aita 102 $aIT 200 1 $a<> valutazione delle banche$emodelli per la determinazione del rischio, del tasso di sconto e del valore del capitale economico$fEugenio D'Amico 210 $aTorino$cGiappichelli$d1995c 215 $aIX, 252 p.$ctab.$d24 cm 225 2 $aStudi di ragioneria e di economia aziendale$v11 410 0$12001$aStudi di ragioneria e di economia aziendale 610 1 $aBanche$aCapitale 610 1 $aBanche$aValutazione 676 $a332.1 700 1$aD'Amico,$bEugenio$0116294 801 0$aIT $bUNIPARTHENOPE $gRICA $2UNIMARC 912 $a000004874 951 $cNAVA1$a332-V/5$b36116$d20040323 996 $aValutazione delle banche$9887248 997 $aUNIPARTHENOPE LEADER 01122nam 2200397 450 001 990000701840203316 010 $a88-14-01775-1 035 $a0070184 035 $aUSA010070184 035 $a(ALEPH)000070184USA01 035 $a0070184 100 $a20011022d1986----km-y0itay0103----ba 101 $aita 102 $aIT 105 $a||||||||001yy 200 1 $aCodice della navigazione$fa cura di Leopoldo Tullio 205 $anuova ed. aggiornata al 30 ottobre 1986 210 $aMilano$cGiuffrè$d1986 215 $a577 p.$d17 cm 410 $12001 606 0 $aCodice della navigazione 676 $a346.096 702 1$aTULLIO,$bLeopoldo 710 01$aITALIA$0423419 801 0$aIT$bsalbc$gISBD 912 $a990000701840203316 951 $aCODEX 258A$b63939 EC$cCODEX 959 $aBK 969 $aECO 979 $aPATTY$b90$c20011022$lUSA01$h1904 979 $aPATTY$b90$c20011022$lUSA01$h1905 979 $c20020403$lUSA01$h1719 979 $aPATRY$b90$c20040406$lUSA01$h1648 979 $aPATRY$b90$c20061017$lUSA01$h1724 996 $aCodice della navigazione$937195 997 $aUNISA